| Tag |
First Indicator |
Second Indicator |
Subfields |
| LEADER |
00000cam a2200000 a 4500 |
| 001 |
in00000084420 |
| 005 |
20151008061355.0 |
| 008 |
791113s1980 nyua 00000 engm |
| 010 |
|
|
|a 79007948
|
| 020 |
|
|
|a 0405125291
|
| 035 |
|
|
|a (OCoLC)05750418
|
| 035 |
|
|
|9 AAJ7921AM
|
| 040 |
|
|
|a DLC
|c DLC
|d m.c.
|d TXA
|d UtOrBLW
|
| 043 |
|
|
|a n-us---
|
| 049 |
|
|
|a TXAM
|c [1443089]
|
| 050 |
0 |
0 |
|a QB33.U6
|b A86
|
| 082 |
0 |
|
|a 520/.973
|
| 245 |
0 |
0 |
|a Aspects of astronomy in America in the nineteenth century /
|c I. Bernard Cohen, editor.
|
| 264 |
|
1 |
|a New York :
|b Arno Press,
|c 1980.
|
| 300 |
|
|
|a 418 pages in various pagings :
|b illustrations ;
|c 24 cm.
|
| 336 |
|
|
|a text
|b txt
|2 rdacontent
|
| 337 |
|
|
|a unmediated
|b n
|2 rdamedia
|
| 338 |
|
|
|a volume
|b nc
|2 rdacarrier
|
| 490 |
1 |
|
|a Three centuries of science in America
|
| 505 |
0 |
|
|a An oration delivered before the Cincinnati Astronomical Society, 1843 / Adams, John Quincy -- The centenary of the Cincinnati Observatory, 1944 -- The uses of astronomy 1856 / Everett, Edward -- Report on the erection of a building in Washington, 1845 / Gillis, J. Melville -- Early AMerican obervatories, 1938 / Milham, Willis -- Memoir of the founding and progress of the United States Naval Observatory, 1871 / Nourse, Joseph Everett -- How telescopes came to America, 1935 / Pendray, G. Edward -- A discourse read June 25, 1888 to Commemorate the fiftieth anniversary of the dedication of the Hopkins observatory of Williams College, 1888 / Safford, Truman Henry.
|
| 650 |
|
0 |
|a Astronomy
|z United States
|x History
|x Sources.
|
| 700 |
1 |
|
|a Cohen, I. Bernard,
|d 1914-2003.
|
| 830 |
|
0 |
|a Three centuries of science in America.
|
| 999 |
|
|
|a MARS
|
| 999 |
f |
f |
|s aaa58d13-8e6e-3395-8ae4-389aa1793811
|i e9d19915-3102-3ba6-af5f-8ece83b73924
|t 0
|
| 952 |
f |
f |
|p normal
|a Texas A&M University
|b College Station
|c Sterling C. Evans Library
|d Evans: Library Stacks
|t 0
|e QB33.U6 A86
|h Library of Congress classification
|i unmediated -- volume
|m A14806206180
|
| 998 |
f |
f |
|a QB33.U6 A86
|t 0
|l Evans: Library Stacks
|